| 000 | 00430nam a2200157Ia 4500 | ||
|---|---|---|---|
| 008 | 210210b2003 xxu||||| |||| 00| 0 eng d | ||
| 020 | _a81 225 0285 7 | ||
| 082 | _a657.42 RATR | ||
| 100 | _aRATHNAM (P V). | ||
| 245 | _aCost accounting and financial management. | ||
| 260 |
_aAllahabad. _bKitab mahal _c2003 |
||
| 300 | _a755 | ||
| 650 | _acost accounting financial management | ||
| 690 | _aCost Accounting | ||
| 906 | _a058418 | ||
| 999 |
_c105868 _d105868 |
||